[Event "18. Obert Int. Sant Marti 2016 - B"]
[Site "Barcelona ESP"]
[Date "2016.07.21"]
[Round "9.9"]
[White "Carrey Abellan, Enric"]
[Black "Martos Martin, Josep Angel"]
[Result "1-0"]
[WhiteElo "1911"]
[BlackElo "1981"]
[PlyCount "109"]
[EventDate "2016.07.13"]
[EventType "swiss"]
[EventRounds "9"]
[EventCountry "ESP"]
[SourceTitle "Ajedrez en Madrid"]
[Source "lmi"]
[SourceDate "2016.07.13"]
[SourceVersion "1"]
[SourceVersionDate "2019.06.21"]
[SourceQuality "1"]

1. d4 Nf6 2. c4 g6 3. Nc3 Bg7 4. e4 d6 5. Nf3 O-O 6. Be2 e5 7. d5 a5 8. Bg5 h6
9. Bh4 Bd7 10. Nd2 Na6 11. O-O Qc8 12. a3 g5 13. Bg3 Ne8 14. Rb1 f5 15. f3 f4
16. Bf2 h5 17. g4 Rf6 18. h3 Rh6 19. Kg2 Nf6 20. Rh1 Qe8 21. b4 a4 22. c5 Qg6
23. cxd6 cxd6 24. Rc1 Nc7 25. Nc4 Nb5 26. Nb6 Nxc3 27. Rxc3 Rd8 28. Nxd7 Rxd7
29. Qxa4 hxg4 30. hxg4 Rxh1 31. Kxh1 Bf8 32. Bf1 Rh7+ 33. Kg1 Qh6 34. Bg2 Qh2+
35. Kf1 Qh6 36. Qc2 Qg6 37. Rc7 Rh2 38. Bg1 Rh6 39. Rxb7 Nxd5 40. Qc4 Kh8 41.
Qxd5 Qe8 42. b5 Qc8 43. Qc6 Qe6 44. Rb8 Rf6 45. Qd5 Qd7 46. Bf2 Qc7 47. Rb7
Qc1+ 48. Be1 Qxa3 49. Rf7 Rxf7 50. Qxf7 Qd3+ 51. Kg1 Qe3+ 52. Bf2 Qc1+ 53. Bf1
Bg7 54. b6 Qb2 55. b7 1-0

[Event "18. Obert Int. Sant Marti 2016 - B"]
[Site "Barcelona ESP"]
[Date "2016.07.21"]
[Round "9.10"]
[White "Ji, Pablo"]
[Black "Cervello I Tost, Roger"]
[Result "1-0"]
[WhiteElo "1606"]
[BlackElo "1910"]
[PlyCount "87"]
[EventDate "2016.07.13"]
[EventType "swiss"]
[EventRounds "9"]
[EventCountry "ESP"]
[SourceTitle "Ajedrez en Madrid"]
[Source "lmi"]
[SourceDate "2016.07.13"]
[SourceVersion "1"]
[SourceVersionDate "2019.06.21"]
[SourceQuality "1"]

1. e4 e5 2. Nf3 Nc6 3. Bb5 a6 4. Bxc6 dxc6 5. O-O Bg4 6. h3 Bxf3 7. Qxf3 Nf6 8.
Nc3 Bd6 9. d3 h6 10. Qe2 Qe7 11. f4 O-O-O 12. f5 Nd7 13. Be3 g5 14. fxg6 fxg6
15. Rf2 g5 16. Raf1 Rdf8 17. Rxf8+ Rxf8 18. Rxf8+ Nxf8 19. Qf3 Ne6 20. Ne2 Bc5
21. c3 Bxe3+ 22. Qxe3 Qc5 23. d4 Qb6 24. Qd2 a5 25. Kh1 a4 26. a3 Qb5 27. Ng3
Nf4 28. dxe5 Qxe5 29. Qe3 b6 30. Ne2 Nd5 31. Qf3 Nf6 32. Qf5+ Nd7 33. Qg6 Qf6
34. Qe8+ Qd8 35. Qe6 Qf6 36. Qe8+ Qd8 37. Qe6 Kb7 38. Nd4 Nc5 39. Qxc6+ Ka6 40.
e5 Qf8 41. Qb5+ Kb7 42. e6 Qf2 43. Qc6+ Ka6 44. Qa8# 1-0

[Event "18. Obert Int. Sant Marti 2016 - B"]
[Site "Barcelona ESP"]
[Date "2016.07.21"]
[Round "9.12"]
[White "Salazar Navas, Josep"]
[Black "Hinarejos Montano, Andres"]
[Result "1-0"]
[WhiteElo "1790"]
[BlackElo "1620"]
[PlyCount "87"]
[EventDate "2016.07.13"]
[EventType "swiss"]
[EventRounds "9"]
[EventCountry "ESP"]
[SourceTitle "Ajedrez en Madrid"]
[Source "lmi"]
[SourceDate "2016.07.13"]
[SourceVersion "1"]
[SourceVersionDate "2019.06.21"]
[SourceQuality "1"]

1. e4 e5 2. d4 exd4 3. Nf3 d6 4. Qxd4 c5 5. Qd3 Be7 6. Nc3 Nf6 7. Bg5 O-O 8.
O-O-O Be6 9. a3 Qb6 10. Qb5 Qxb5 11. Nxb5 Rd8 12. Bxf6 gxf6 13. Nc7 Nc6 14.
Nxa8 Rxa8 15. g4 Kh8 16. h3 a6 17. Nd2 b5 18. f4 Bd7 19. Nb3 Ra7 20. Be2 Bf8
21. h4 b4 22. a4 Nd8 23. Rd2 Bxa4 24. Nxc5 Bc6 25. Bf3 a5 26. Rh3 Ne6 27. Nxe6
fxe6 28. e5 Bxf3 29. Rxf3 fxe5 30. fxe5 Kg7 31. Rdf2 Ra8 32. Rf7+ Kg8 33. exd6
Bxd6 34. Rd7 Bf8 35. Rff7 a4 36. Rxh7 a3 37. bxa3 Rxa3 38. Ra7 Rf3 39. Kb2 Rf4
40. g5 Re4 41. g6 Rg4 42. h5 Rg5 43. Ra8 Rf5 44. g7 1-0

[Event "18. Obert Int. Sant Marti 2016 - B"]
[Site "Barcelona ESP"]
[Date "2016.07.21"]
[Round "9.13"]
[White "Lleyda Naval, Justo"]
[Black "Martin Vilanova, Jordi"]
[Result "1/2-1/2"]
[WhiteElo "1818"]
[BlackElo "1919"]
[PlyCount "70"]
[EventDate "2016.07.13"]
[EventType "swiss"]
[EventRounds "9"]
[EventCountry "ESP"]
[SourceTitle "Ajedrez en Madrid"]
[Source "lmi"]
[SourceDate "2016.07.13"]
[SourceVersion "1"]
[SourceVersionDate "2019.06.21"]
[SourceQuality "1"]

1. e4 c5 2. Nf3 d6 3. d4 cxd4 4. Nxd4 Nf6 5. Nc3 a6 6. Be2 b5 7. a3 Bb7 8. Bf3
Nbd7 9. O-O e6 10. Re1 Be7 11. g3 O-O 12. Bg2 Qc7 13. Nf3 Rfd8 14. Qe2 Rac8 15.
h3 Nc5 16. e5 Nd5 17. Nxd5 Bxd5 18. Bf4 Na4 19. exd6 Bxd6 20. Bxd6 Rxd6 21. c3
Nc5 22. Nd2 Bxg2 23. Kxg2 Nd3 24. Reb1 Rcd8 25. Nf3 Qc6 26. Kg1 Qc5 27. Ne1 Ne5
28. Rd1 Nc4 29. Rxd6 Qxd6 30. a4 e5 31. axb5 axb5 32. Nf3 e4 33. Qxe4 Nxb2 34.
Ra8 Nd1 35. Rxd8+ Qxd8 1/2-1/2

[Event "18. Obert Int. Sant Marti 2016 - B"]
[Site "Barcelona ESP"]
[Date "2016.07.21"]
[Round "9.14"]
[White "Colom Andres, Xavier"]
[Black "Khachatryan, Tigran V."]
[Result "0-1"]
[WhiteElo "1812"]
[BlackElo "1936"]
[PlyCount "88"]
[EventDate "2016.07.13"]
[EventType "swiss"]
[EventRounds "9"]
[EventCountry "ESP"]
[SourceTitle "Ajedrez en Madrid"]
[Source "lmi"]
[SourceDate "2016.07.13"]
[SourceVersion "1"]
[SourceVersionDate "2019.06.21"]
[SourceQuality "1"]

1. d4 Nf6 2. Nf3 c5 3. d5 d6 4. Bg5 e6 5. c4 Be7 6. Nc3 O-O 7. e4 exd5 8. cxd5
h6 9. Bh4 Nxe4 10. Bg3 Qa5 11. Qa4 Qxa4 12. Nxa4 Nxg3 13. hxg3 Bf6 14. O-O-O
Bf5 15. Bd3 Bxd3 16. Rxd3 Nd7 17. Re1 Rfe8 18. Rde3 Kf8 19. Nc3 Bxc3 20. Rxc3
Rxe1+ 21. Nxe1 Re8 22. Kd2 Nf6 23. Rb3 b6 24. Ra3 Ne4+ 25. Ke3 Nxg3+ 26. Kf3
Rxe1 27. Kxg3 Re7 28. f4 f5 29. Kf3 Kf7 30. Ra6 g5 31. g3 Kf6 32. a4 h5 33. a5
Rb7 34. axb6 Rxb6 35. Rxa7 Rb3+ 36. Kf2 Rxb2+ 37. Kf3 Rd2 38. fxg5+ Kxg5 39.
Rg7+ Kf6 40. Rh7 Kg6 41. Rh8 Rxd5 42. Rg8+ Kf6 43. Ke3 c4 44. Rf8+ Kg7 0-1

[Event "18. Obert Int. Sant Marti 2016 - B"]
[Site "Barcelona ESP"]
[Date "2016.07.21"]
[Round "9.15"]
[White "Lozano Ruiz, David"]
[Black "Molina Hernandez, Albert"]
[Result "1-0"]
[WhiteElo "1796"]
[BlackElo "1908"]
[PlyCount "51"]
[EventDate "2016.07.13"]
[EventType "swiss"]
[EventRounds "9"]
[EventCountry "ESP"]
[SourceTitle "Ajedrez en Madrid"]
[Source "lmi"]
[SourceDate "2016.07.13"]
[SourceVersion "1"]
[SourceVersionDate "2019.06.21"]
[SourceQuality "1"]

1. c4 Nf6 2. Nc3 c5 3. Nf3 d5 4. Nxd5 Nxd5 5. cxd5 Qxd5 6. g3 g6 7. Bg2 Bg7 8.
O-O O-O 9. d3 Nc6 10. a3 Rd8 11. Qc2 Be6 12. Be3 Rac8 13. Rab1 Qb3 14. Qxb3
Bxb3 15. Nd2 Ba2 16. Rbc1 Bd5 17. Rxc5 Bxg2 18. Kxg2 Bxb2 19. Rb5 Bxa3 20. Rxb7
a5 21. Nc4 Bb4 22. Ra1 Kf8 23. Nb6 Rb8 24. Nd7+ Rxd7 25. Rxd7 Bd6 26. Bf4 1-0

[Event "18. Obert Int. Sant Marti 2016 - B"]
[Site "Barcelona ESP"]
[Date "2016.07.21"]
[Round "9.16"]
[White "Fernandez Egea, Andres"]
[Black "Grindbakken, Erik"]
[Result "1-0"]
[WhiteElo "1886"]
[BlackElo "1610"]
[PlyCount "41"]
[EventDate "2016.07.13"]
[EventType "swiss"]
[EventRounds "9"]
[EventCountry "ESP"]
[SourceTitle "Ajedrez en Madrid"]
[Source "lmi"]
[SourceDate "2016.07.13"]
[SourceVersion "1"]
[SourceVersionDate "2019.06.21"]
[SourceQuality "1"]

1. e4 c6 2. d4 d5 3. f3 Nf6 4. e5 Nfd7 5. Bd3 e6 6. Ne2 c5 7. c3 Nc6 8. O-O Qb6
9. Bc2 cxd4 10. cxd4 Ndxe5 11. Nbc3 Nc4 12. Rb1 Nxd4 13. Nxd4 Bc5 14. Na4 Bxd4+
15. Kh1 Qa6 16. Qxd4 Na3 17. Bd3 Nc2 18. Qc3 Qxa4 19. Bxc2 Qb5 20. Bh6 Rg8 21.
Bxh7 1-0

[Event "18. Obert Int. Sant Marti 2016 - B"]
[Site "Barcelona ESP"]
[Date "2016.07.21"]
[Round "9.17"]
[White "Valbuena Castro, Gregorio"]
[Black "Khudov, Oleksandr"]
[Result "0-1"]
[WhiteElo "1724"]
[BlackElo "1847"]
[PlyCount "110"]
[EventDate "2016.07.13"]
[EventType "swiss"]
[EventRounds "9"]
[EventCountry "ESP"]
[SourceTitle "Ajedrez en Madrid"]
[Source "lmi"]
[SourceDate "2016.07.13"]
[SourceVersion "1"]
[SourceVersionDate "2019.06.21"]
[SourceQuality "1"]

1. e4 e6 2. d4 d5 3. e5 c5 4. c3 Nc6 5. Nf3 Bd7 6. dxc5 Bxc5 7. b4 Bb6 8. Be2
Nge7 9. b5 Na5 10. O-O Ng6 11. Ba3 Qc7 12. Bd6 Qc8 13. Nd4 Bc5 14. Qa4 Bxd6 15.
exd6 b6 16. c4 dxc4 17. Bf3 Qc5 18. Nc6 Ne5 19. Nxe5 Qxe5 20. Na3 Rc8 21. Rad1
O-O 22. Rfe1 Qc5 23. Re4 Rfd8 24. Rh4 g6 25. Be2 Qg5 26. Rg4 Qf5 27. Nxc4 Bxb5
28. Qa3 Bxc4 29. d7 Rc7 30. Rxc4 Nxc4 31. Qe7 Rdxd7 32. Rxd7 Rxd7 33. Qxd7 Ne5
34. Qxa7 Qb1+ 35. Bf1 Qb2 36. h3 Kg7 37. Qc7 b5 38. f4 Qd4+ 39. Kh1 Nc4 40. Be2
Qa1+ 41. Kh2 Qxa2 42. Bxc4 Qxc4 43. Qe5+ f6 44. Qb8 b4 45. Qe8 Qxf4+ 46. Kh1
Qc1+ 47. Kh2 Qc7+ 48. Kh1 Qb7 49. Qxe6 b3 50. Qe1 b2 51. Qb1 Qb3 52. Kh2 Qc3
53. Qd1 Qc1 54. Qd7+ Kh6 55. Qf7 Qf4+ 0-1

[Event "18. Obert Int. Sant Marti 2016 - B"]
[Site "Barcelona ESP"]
[Date "2016.07.21"]
[Round "9.18"]
[White "Serra Vilaro, Agustin"]
[Black "Nandhini, Saripalli"]
[Result "0-1"]
[WhiteElo "1829"]
[BlackElo "1716"]
[PlyCount "54"]
[EventDate "2016.07.13"]
[EventType "swiss"]
[EventRounds "9"]
[EventCountry "ESP"]
[SourceTitle "Ajedrez en Madrid"]
[Source "lmi"]
[SourceDate "2016.07.13"]
[SourceVersion "1"]
[SourceVersionDate "2019.06.21"]
[SourceQuality "1"]

1. d4 d5 2. c3 Nf6 3. Nd2 g6 4. e3 Bg7 5. Bd3 O-O 6. f4 c5 7. Ngf3 Nc6 8. O-O
Bf5 9. Qc2 Bxd3 10. Qxd3 c4 11. Qe2 b5 12. e4 dxe4 13. Nxe4 Qd5 14. Ng3 e6 15.
Ne5 Rfc8 16. Bd2 Rab8 17. a3 Na5 18. Rae1 Nb3 19. Be3 a5 20. Rf3 Ne8 21. Ref1
Nd6 22. Nh1 b4 23. axb4 axb4 24. g4 bxc3 25. bxc3 Ne4 26. f5 Nxc3 27. Qc2 Nxd4
0-1

[Event "18. Obert Int. Sant Marti 2016 - B"]
[Site "Barcelona ESP"]
[Date "2016.07.21"]
[Round "9.19"]
[White "Escofet Llongueras, Joan"]
[Black "Gonzalez Moreno, Antoni"]
[Result "1/2-1/2"]
[WhiteElo "1716"]
[BlackElo "1822"]
[PlyCount "52"]
[EventDate "2016.07.13"]
[EventType "swiss"]
[EventRounds "9"]
[EventCountry "ESP"]
[SourceTitle "Ajedrez en Madrid"]
[Source "lmi"]
[SourceDate "2016.07.13"]
[SourceVersion "1"]
[SourceVersionDate "2019.06.21"]
[SourceQuality "1"]

1. c4 c5 2. Nc3 Nc6 3. g3 g6 4. Bg2 Bg7 5. e4 Nf6 6. Nge2 d6 7. O-O O-O 8. d4
cxd4 9. Nxd4 Nxd4 10. Qxd4 Ng4 11. Qd3 Ne5 12. Qe2 a6 13. h3 Bd7 14. f4 Nc6 15.
Be3 e6 16. Rad1 Qc7 17. Na4 Nd4 18. Bxd4 Bxd4+ 19. Rxd4 Bxa4 20. Rc1 Qc5 21.
Qf2 Rad8 22. Rd2 Qc7 23. b3 Bc6 24. Rcd1 Rd7 25. Rd3 b5 26. c5 Rfd8 1/2-1/2

[Event "18. Obert Int. Sant Marti 2016 - B"]
[Site "Barcelona ESP"]
[Date "2016.07.21"]
[Round "9.20"]
[White "Brunet Gil, Pol"]
[Black "Volart Buil, Jordi"]
[Result "1-0"]
[WhiteElo "1524"]
[BlackElo "1819"]
[PlyCount "135"]
[EventDate "2016.07.13"]
[EventType "swiss"]
[EventRounds "9"]
[EventCountry "ESP"]
[SourceTitle "Ajedrez en Madrid"]
[Source "lmi"]
[SourceDate "2016.07.13"]
[SourceVersion "1"]
[SourceVersionDate "2019.06.21"]
[SourceQuality "1"]

1. e4 c5 2. Nf3 b6 3. d4 cxd4 4. Nxd4 Bb7 5. Nc3 a6 6. Be3 e6 7. Bd3 Nf6 8. O-O
Nc6 9. Nxc6 dxc6 10. Bg5 Be7 11. e5 Ng8 12. Bxe7 Nxe7 13. Ne4 Nc8 14. Qg4 Kf8
15. f4 c5 16. Rad1 Qc7 17. Ng5 h5 18. Qxe6 Rh6 19. Qf5 Bd5 20. Bc4 Ne7 21. Qd3
Bxc4 22. Qxc4 Nf5 23. Rf3 Re8 24. Rfd3 b5 25. Qc3 c4 26. Rd7 Qc5+ 27. Kh1 Ne7
28. Qd2 Rc6 29. Rd8 Rc8 30. Rxe8+ Rxe8 31. Qd7 Qc8 32. Qxc8 Rxc8 33. g3 Ke8 34.
Kg2 Nf5 35. Kf3 g6 36. h3 Ke7 37. g4 hxg4+ 38. hxg4 Ng7 39. Ke4 c3 40. b3 Rh8
41. Nf3 Ne6 42. f5 gxf5+ 43. gxf5 Nc5+ 44. Ke3 Rh5 45. f6+ Ke8 46. Kd4 Nd7 47.
Kxc3 Rh3 48. Rd3 Nc5 49. Re3 a5 50. Kd4 Na6 51. c4 Nb4 52. Ke4 Nxa2 53. cxb5
Nb4 54. Rc3 Kd7 55. b6 Nc6 56. b7 Rh8 57. Ng5 Rh4+ 58. Ke3 Rb4 59. Nxf7 Rxb7
60. Rd3+ Ke6 61. Rd6+ Kxf7 62. Rxc6 Rxb3+ 63. Ke4 Rb7 64. Ra6 Rb4+ 65. Kf5 Rb1
66. e6+ Kg8 67. Ra8+ Kh7 68. e7 1-0

[Event "18. Obert Int. Sant Marti 2016 - B"]
[Site "Barcelona ESP"]
[Date "2016.07.21"]
[Round "9.21"]
[White "Garcia Punzano, Josep Lluis"]
[Black "Garcia Clemente, Julian Fco."]
[Result "1/2-1/2"]
[WhiteElo "1785"]
[BlackElo "1910"]
[PlyCount "84"]
[EventDate "2016.07.13"]
[EventType "swiss"]
[EventRounds "9"]
[EventCountry "ESP"]
[SourceTitle "Ajedrez en Madrid"]
[Source "lmi"]
[SourceDate "2016.07.13"]
[SourceVersion "1"]
[SourceVersionDate "2019.06.21"]
[SourceQuality "1"]

1. Nf3 c5 2. g3 Nc6 3. Bg2 Nf6 4. c4 g6 5. O-O Bg7 6. Nc3 O-O 7. d3 d6 8. Rb1
Bd7 9. h3 a6 10. a3 a5 11. Be3 Ne8 12. Qd2 Nc7 13. Bh6 Rb8 14. Bxg7 Kxg7 15.
Rfd1 e5 16. e3 f5 17. d4 cxd4 18. exd4 e4 19. d5 exf3 20. dxc6 Bxc6 21. Bf1 Ne8
22. c5 d5 23. Nxd5 Bxd5 24. Qxd5 Qxd5 25. Rxd5 Nf6 26. Rd3 Ne4 27. b4 axb4 28.
axb4 Rfc8 29. Rd7+ Kh8 30. Rc1 Rd8 31. Rcd1 Re8 32. Rc7 Rec8 33. Rdd7 Rxc7 34.
Rxc7 Nc3 35. Re7 Nd5 36. Re6 Nxb4 37. Rb6 Nd5 38. Rb3 Rc8 39. Bc4 Rxc5 40. Bxd5
Rxd5 41. Rxb7 Rd1+ 42. Kh2 Rd2 1/2-1/2

[Event "18. Obert Int. Sant Marti 2016 - B"]
[Site "Barcelona ESP"]
[Date "2016.07.21"]
[Round "9.22"]
[White "Perez Cuadrado, Eduardo"]
[Black "Andreu Termes, Frederic"]
[Result "1/2-1/2"]
[WhiteElo "1751"]
[BlackElo "1870"]
[PlyCount "87"]
[EventDate "2016.07.13"]
[EventType "swiss"]
[EventRounds "9"]
[EventCountry "ESP"]
[SourceTitle "Ajedrez en Madrid"]
[Source "lmi"]
[SourceDate "2016.07.13"]
[SourceVersion "1"]
[SourceVersionDate "2019.06.21"]
[SourceQuality "1"]

1. Nf3 g6 2. g3 Bg7 3. Bg2 e5 4. e4 c5 5. c4 Nc6 6. Nc3 Nge7 7. d3 O-O 8. O-O
d6 9. a3 a5 10. Be3 h6 11. Qd2 Kh7 12. Ne1 Nd4 13. Bxd4 cxd4 14. Nd5 Nxd5 15.
cxd5 f5 16. f4 Qb6 17. Kh1 Bd7 18. Nf3 fxe4 19. dxe4 Bb5 20. Rfc1 Bd7 21. Rc2
Ba4 22. Rc4 Bb5 23. Rcc1 Bd7 24. Rab1 a4 25. Rc2 Rac8 26. Rbc1 Rxc2 27. Rxc2
Rc8 28. Rxc8 Bxc8 29. Qc2 Bd7 30. Ne1 Bb5 31. b4 axb3 32. Qxb3 Qc5 33. Nd3 Qc3
34. Qxb5 Qa1+ 35. Ne1 Qxe1+ 36. Qf1 Qc3 37. Qf3 exf4 38. gxf4 d3 39. Bf1 d2 40.
Qxc3 Bxc3 41. Be2 b6 42. a4 Kg7 43. Kg2 Kf6 44. Kf3 1/2-1/2

[Event "18. Obert Int. Sant Marti 2016 - B"]
[Site "Barcelona ESP"]
[Date "2016.07.21"]
[Round "9.23"]
[White "Reixach Ministral, Eduard"]
[Black "Hernando Rodrigo, Lourdes"]
[Result "1-0"]
[WhiteElo "1870"]
[BlackElo "1730"]
[PlyCount "147"]
[EventDate "2016.07.13"]
[EventType "swiss"]
[EventRounds "9"]
[EventCountry "ESP"]
[SourceTitle "Ajedrez en Madrid"]
[Source "lmi"]
[SourceDate "2016.07.13"]
[SourceVersion "1"]
[SourceVersionDate "2019.06.21"]
[SourceQuality "1"]

1. d4 d5 2. e4 dxe4 3. Nc3 Nf6 4. f3 exf3 5. Qxf3 Bd7 6. Bc4 Nc6 7. Nge2 Bg4 8.
Qf2 g6 9. Bf4 Bg7 10. O-O-O O-O 11. h3 Bxe2 12. Bxe2 Nd5 13. Nxd5 Qxd5 14. c4
Qa5 15. Kb1 Nb4 16. a3 Qf5+ 17. Ka1 a5 18. Bg4 Qf6 19. axb4 axb4+ 20. Kb1 Qa6
21. Qe2 b3 22. Kc1 Qa1+ 23. Kd2 Qxb2+ 24. Ke3 Qc3+ 25. Rd3 Bxd4+ 26. Kf3 Qxc4
27. Rhd1 Ra2 28. Qe4 c5 29. Be5 Rf2+ 30. Kg3 Bxe5+ 31. Qxe5 Qc2 32. Qd5 b2 33.
Qxb7 c4 34. Rd7 Rf6 35. R7d2 b1=Q 36. Qxb1 Qc3+ 37. Kh2 Qe5+ 38. Kh1 Qc5 39.
Bf3 Rc8 40. Rd8+ Rxd8 41. Rxd8+ Kg7 42. Rd5 Qe3 43. Qe4 Qc1+ 44. Rd1 Qc3 45.
Qd4 Qb3 46. Rc1 Qa2 47. Qxc4 Qf2 48. Rf1 Qd2 49. Qe4 Re6 50. Qd5 Qe3 51. Bg4
Rf6 52. Rxf6 Kxf6 53. Qf3+ Qxf3 54. Bxf3 Kf5 55. g3 Ke5 56. Kg1 f5 57. h4 h6
58. Kf2 g5 59. hxg5 hxg5 60. Bh5 Kd4 61. Kf3 e5 62. Bg6 e4+ 63. Ke2 f4 64. g4
e3 65. Bf5 Kc3 66. Kd1 f3 67. Be4 f2 68. Ke2 f1=Q+ 69. Kxf1 Kd2 70. Bf3 Kd3 71.
Ke1 e2 72. Bxe2+ Ke3 73. Kf1 Kf4 74. Kf2 1-0

[Event "18. Obert Int. Sant Marti 2016 - B"]
[Site "Barcelona ESP"]
[Date "2016.07.21"]
[Round "9.24"]
[White "Valero Recalde, Pablo"]
[Black "Ritter Aguilar, Jordi"]
[Result "0-1"]
[WhiteElo "1734"]
[BlackElo "1868"]
[PlyCount "76"]
[EventDate "2016.07.13"]
[EventType "swiss"]
[EventRounds "9"]
[EventCountry "ESP"]
[SourceTitle "Ajedrez en Madrid"]
[Source "lmi"]
[SourceDate "2016.07.13"]
[SourceVersion "1"]
[SourceVersionDate "2019.06.21"]
[SourceQuality "1"]

1. d4 e6 2. c4 c5 3. d5 exd5 4. cxd5 d6 5. e4 Ne7 6. b3 a6 7. a4 Ng6 8. Nf3 Bg4
9. Bb2 Nd7 10. h3 Bxf3 11. Qxf3 Qg5 12. Qg4 Qe7 13. Bd3 Nde5 14. Bxe5 Nxe5 15.
Qe2 Qf6 16. Ra2 Be7 17. O-O g5 18. Nd2 h5 19. f3 Ng6 20. Nc4 O-O 21. Qb2 Qf4
22. Qd2 Qxd2 23. Rxd2 b5 24. Ne3 Rab8 25. a5 Rfd8 26. Rc1 Bf6 27. Nf5 Ne7 28.
Nxe7+ Bxe7 29. Ra2 Bf6 30. g3 Kf8 31. Rcc2 Ke7 32. f4 gxf4 33. gxf4 Rg8+ 34.
Rg2 Bc3 35. Rxg8 Rxg8+ 36. Kf2 h4 37. Re2 Rg3 38. Re3 Bd4 0-1

[Event "18. Obert Int. Sant Marti 2016 - B"]
[Site "Barcelona ESP"]
[Date "2016.07.21"]
[Round "9.25"]
[White "Madrid Sole, Antonio"]
[Black "Olivas Montoya, Albert"]
[Result "1/2-1/2"]
[WhiteElo "1865"]
[BlackElo "1746"]
[PlyCount "32"]
[EventDate "2016.07.13"]
[EventType "swiss"]
[EventRounds "9"]
[EventCountry "ESP"]
[SourceTitle "Ajedrez en Madrid"]
[Source "lmi"]
[SourceDate "2016.07.13"]
[SourceVersion "1"]
[SourceVersionDate "2019.06.21"]
[SourceQuality "1"]

1. d4 Nf6 2. Nf3 g6 3. Nbd2 Bg7 4. e4 d6 5. Bd3 O-O 6. O-O Nbd7 7. c3 e5 8. Re1
Qe7 9. dxe5 Nxe5 10. Nxe5 dxe5 11. Nf3 b6 12. Qe2 Bb7 13. Bg5 Rad8 14. Rad1 h6
15. Bc1 Rd7 16. Bc2 Rfd8 1/2-1/2

[Event "18. Obert Int. Sant Marti 2016 - B"]
[Site "Barcelona ESP"]
[Date "2016.07.21"]
[Round "9.27"]
[White "Maqueda Berdugo, Francisco"]
[Black "Ramos Alvarez, Maximo"]
[Result "0-1"]
[WhiteElo "1696"]
[BlackElo "1843"]
[PlyCount "74"]
[EventDate "2016.07.13"]
[EventType "swiss"]
[EventRounds "9"]
[EventCountry "ESP"]
[SourceTitle "Ajedrez en Madrid"]
[Source "lmi"]
[SourceDate "2016.07.13"]
[SourceVersion "1"]
[SourceVersionDate "2019.06.21"]
[SourceQuality "1"]

1. e4 c5 2. Nf3 e6 3. d4 cxd4 4. Nxd4 Nf6 5. Nc3 Nc6 6. Be2 Bb4 7. Nxc6 Bxc3+
8. bxc3 bxc6 9. e5 Nd5 10. Bd2 Qc7 11. c4 Ne7 12. f4 O-O 13. O-O d6 14. exd6
Qxd6 15. Rf3 Nf5 16. Bd3 Ba6 17. Kh1 c5 18. Rh3 Rfd8 19. Qh5 h6 20. Bc3 Qxf4
21. Rf1 Qg5 22. Qf3 Rab8 23. Bxf5 Qxf5 24. Rg3 Qxf3 25. Rxg7+ Kf8 26. gxf3 Bxc4
27. Rfg1 Ke7 28. Be1 Rf8 29. Bh4+ Kd7 30. Rd1+ Kc6 31. Bg3 Rb2 32. Rd6+ Kb5 33.
Rd7 Rxa2 34. Bd6 Kc6 35. Bxf8 Kxd7 36. Bxc5 e5 37. Rxf7+ Bxf7 0-1

[Event "18. Obert Int. Sant Marti 2016 - B"]
[Site "Barcelona ESP"]
[Date "2016.07.21"]
[Round "9.28"]
[White "Poyato Ruiz, Fernando"]
[Black "Minko, Olga"]
[Result "1-0"]
[WhiteElo "1840"]
[BlackElo "1509"]
[PlyCount "79"]
[EventDate "2016.07.13"]
[EventType "swiss"]
[EventRounds "9"]
[EventCountry "ESP"]
[SourceTitle "Ajedrez en Madrid"]
[Source "lmi"]
[SourceDate "2016.07.13"]
[SourceVersion "1"]
[SourceVersionDate "2019.06.21"]
[SourceQuality "1"]

1. d4 d5 2. c4 dxc4 3. Nc3 e5 4. e3 exd4 5. exd4 Nf6 6. Bxc4 Bd6 7. Nf3 O-O 8.
O-O Bg4 9. h3 Bf5 10. Bg5 h6 11. Be3 Nc6 12. Re1 Qd7 13. Rc1 Ne7 14. d5 a6 15.
Bd4 Nh7 16. Ne5 Qc8 17. Bd3 Ng5 18. h4 Nh7 19. Nc4 Bb4 20. Ne3 Bxd3 21. Qxd3
Ng6 22. Bxg7 Kxg7 23. Qd4+ Nf6 24. Qxb4 a5 25. Qd4 Re8 26. g4 Nxh4 27. Qf4 Rg8
28. Ne2 Ne8 29. Ng3 Nd6 30. Nh5+ Kf8 31. Qxh6+ Ke7 32. Qf6+ Kf8 33. Qxh4 Ne4
34. Nf6 Ng5 35. Qh6+ Rg7 36. Qh8+ Rg8 37. Qxg8+ Ke7 38. Qxg5 Qh8 39. Nf5+ Kd8
40. Re8+ 1-0

[Event "18. Obert Int. Sant Marti 2016 - B"]
[Site "Barcelona ESP"]
[Date "2016.07.21"]
[Round "9.29"]
[White "Moreno Oller, Victor"]
[Black "Ayza Casamitjana, Antoni"]
[Result "0-1"]
[WhiteElo "1380"]
[BlackElo "1818"]
[PlyCount "46"]
[EventDate "2016.07.13"]
[EventType "swiss"]
[EventRounds "9"]
[EventCountry "ESP"]
[SourceTitle "Ajedrez en Madrid"]
[Source "lmi"]
[SourceDate "2016.07.13"]
[SourceVersion "1"]
[SourceVersionDate "2019.06.21"]
[SourceQuality "1"]

1. d4 Nf6 2. Nf3 d5 3. c4 c6 4. g3 g6 5. Bg2 Bg7 6. O-O O-O 7. cxd5 Nxd5 8. e4
Nb6 9. Nc3 Be6 10. d5 cxd5 11. exd5 Bxd5 12. Nxd5 Nxd5 13. Ng5 e6 14. Re1 Qb6
15. Nxe6 fxe6 16. Rxe6 Qxf2+ 17. Kh1 Nc7 18. Re7 Nba6 19. Bf4 Qb6 20. Qb3+ Qxb3
21. axb3 Rae8 22. Bxc7 Rxe7 23. Bd6 Rd7 0-1

[Event "18. Obert Int. Sant Marti 2016 - B"]
[Site "Barcelona ESP"]
[Date "2016.07.21"]
[Round "9.30"]
[White "Martos Amiguet, Valentina"]
[Black "Martinez Hernandez, Emili"]
[Result "1-0"]
[WhiteElo "1312"]
[BlackElo "1796"]
[PlyCount "71"]
[EventDate "2016.07.13"]
[EventType "swiss"]
[EventRounds "9"]
[EventCountry "ESP"]
[SourceTitle "Ajedrez en Madrid"]
[Source "lmi"]
[SourceDate "2016.07.13"]
[SourceVersion "1"]
[SourceVersionDate "2019.06.21"]
[SourceQuality "1"]

1. e4 e6 2. d4 d5 3. e5 c5 4. c3 Qb6 5. Nf3 Bd7 6. Be2 Bb5 7. Bxb5+ Qxb5 8. a4
Qb6 9. O-O Nc6 10. Re1 Nge7 11. Na3 cxd4 12. Nxd4 Ng6 13. Nxc6 Qxc6 14. Nb5 a6
15. Nd4 Qc7 16. Qe2 Rc8 17. Bd2 Bc5 18. Rac1 O-O 19. Kh1 Qb6 20. a5 Qa7 21. Qg4
Bxd4 22. cxd4 Rc4 23. Rxc4 dxc4 24. h4 Rd8 25. Be3 Ne7 26. h5 Kf8 27. d5 Qb8
28. dxe6 Qxe5 29. h6 Rd5 30. hxg7+ Qxg7 31. Qf3 Qg6 32. Kg1 Qxe6 33. Qf4 Qd6
34. Qxc4 Rd1 35. Bh6+ Kg8 36. Qg4+ 1-0